| 000 | 008030000a22002290004500 | ||
|---|---|---|---|
| 003 | LK-CoMWRAF | ||
| 005 | 20231030152145.0 | ||
| 008 | 230817t2007 ||||| |||| 00| 0 eng d | ||
| 020 | _a9559102966 | ||
| 040 |
_aLK-CoMWRAF _dLK-CoMWRAF _eLK-CoMWRAF |
||
| 041 | _aeng | ||
| 082 |
_a305.42 _bJAY |
||
| 100 | _aJayawardena, Kumari | ||
| 245 |
_aErasure of the Euro-Asian: _bRecovering Early Radicalism and Feminism in South Asia |
||
| 260 |
_aColombo: _bSocial Scientits' Association, _c2007 |
||
| 300 |
_aiv, 312 p. : ill. (some col.) ; 23 cm. _bBibliography and index included |
||
| 650 | _aEURASIANS-SOUTH ASIA-POLITICS AND GOVERNMENT | ||
| 650 | _aEurasians -South Asia -Social conditions | ||
| 650 | _aRadicalism-South Asia | ||
| 650 | _aFeminism-Political aspects - South Asia | ||
| 942 | _cBK | ||
| 999 |
_c2120 _d2120 |
||